00748nam a22002057a 450000500170000001000150001702000260003203500140005803700090007208200110008110000300009224500480012225000060017026000450017627001040022130000210032594200250034699900190037195201520039020240816102606.0 aENG-141042 c200.00a9789358195446 aEN-124574 bDBAD a88121 aSaikia, Kritashree970079 aThe Bond of Eternity/cBy Kritashree Saikia a1 aUttar PradeshbBLUEROSE PUBLISHERSc2023 bUttar PradeshaABL Workspaces, B-6, Amaltash Marg, Block B, Sector 4, Noida, Uttar Pradesh e201301 a136p.c20cm(pbk) 2ddch881cENmSAIe1 c205060d205060 001040708NFICaJPbJPd2024-08-16eDelivery of Books Act Divisiong200.00l0o881 SAIpEN-124574r2024-08-16 00:00:00t1v200.00w2024-08-16yEN